VPLYV PRÍDAVKU LYZÍNU A MONOETANOLAMÍNU NA STRÁVITEĽNOSŤ A RETENCIU ŽIVÍN VO VÝKRME OŠÍPANÝCH PRI POUŽITÍ VYŠŠÍCH DÁVOK BAVLNÍKOVÉHO EXTRAHOVANÉHO ŠROTU / ČASŤ I

Bibliographic Details
Main Authors: Genči, Ladislav (Author), Gálik, Roman, 1937-2018 (Author)
Other Authors: Nichta, Ján (Translator)
Format: Article
Language:Slovak

MARC

LEADER 00000nab a2200000uu 4500
001 vtls011154739
003 SK-MaSNL
005 20260303121515.0
008 230131|1974 xo |||||||||||||||||slo|
015 |a SNBRB 
035 |a (urnnbn)urn:nbn:sk:snk:ar-a0a85l 
035 |a (uuid)119910d2-de2a-4447-a48c-8d263ba9071e 
035 |a urn:nbn:sk:snk-abb3es 
040 |a SNKBUCL  |b slo  |c SNKBUCL  |e AACR2 
041 0 |a slo 
044 |a xo  |c SK 
100 1 |a Genči, Ladislav  |4 aut  |9 307544 
245 1 0 |a VPLYV PRÍDAVKU LYZÍNU A MONOETANOLAMÍNU NA STRÁVITEĽNOSŤ A RETENCIU ŽIVÍN VO VÝKRME OŠÍPANÝCH PRI POUŽITÍ VYŠŠÍCH DÁVOK BAVLNÍKOVÉHO EXTRAHOVANÉHO ŠROTU / ČASŤ I  |c Ladislav Genči, Roman Gálik, Ján Nichta 
246 3 |a EFFECT OF THE ADDITIVE LYSINE AND MONOETHANOLAMINE ON DIGESTIBILITY AND RETENTION OF NUTRIENTS IN PIG FATTENING WITH THE APPLICATION OF HIGHER RATIONS OF EXTRACTED COTTON MEAL. PART I 
700 1 |a Gálik, Roman,  |d 1937-2018  |4 aut  |9 189311 
700 1 |a Nichta, Ján  |4 trl  |9 46003 
773 0 |t Poľnohospodárstvo : časopis pre poľnohospodárske vedy  |g Roč. 20, č. 1 (1974), s. 62-69 
954 |a odborná, vedecká literatúra pôvodná (slovenská)  |2 lita 
958 |a OND 
958 |a EUIPO 
958 |a article14 
999 |c 1915913  |d 1917843